[Event "RUS Cup Qualifier 3"]
[Site "chessassistantclub.com INT"]
[Date "2004.10.21"]
[Round "?"]
[White "Evelev, Vladimir M"]
[Black "Najer, Evgeniy"]
[Result "1-0"]
[WhiteElo "2433"]
[BlackElo "2608"]
[PlyCount "123"]
[EventDate "2004.10.21"]
[EventType "swiss (blitz)"]
[EventRounds "13"]
[EventCountry "RUS"]
[SourceTitle "EXT 2006"]
[Source "ChessBase"]
[SourceDate "2005.11.24"]
[SourceVersion "1"]
[SourceVersionDate "2005.11.24"]
[SourceQuality "1"]

1. d4 d5 2. c4 c6 3. e3 Nf6 4. Nf3 Bf5 5. Bd3 Bxd3 6. Qxd3 e6 7. 0-0 Nbd7 8. Nbd2 Be7 9. e4 dxe4 10. Nxe4 Nxe4 11. Qxe4 0-0 12. Bd2 a5 13. Rfd1 a4 14. Bc3 Qc7 15. Rac1 Rfe8 16. Rd3 Bf6 17. h3 h6 18. Re3 Red8 19. Rd1 a3 20. b3 b5 21. Nh2 bxc4 22. bxc4 c5 23. d5 Bxc3 24. Rxc3 Nf6 25. Qf3 exd5 26. cxd5 Qe5 27. Ng4 Nxg4 28. hxg4 Ra6 29. Rxa3 Rad6 30. Rad3 c4 31. Rd4 Rc8 32. Qe3 Qxe3 33. fxe3 c3 34. Rc1 Ra6 35. a4 Kf8 36. Kf2 Rb6 37. Ke2 Rb2+ 38. Kd3 Rd2+ 39. Ke4 Rxg2 40. Kf3 Ra2 41. d6 c2 42. Rd2 Rd8 43. Rcxc2 Rxa4 44. Rc7 Ra6 45. d7 Ke7 46. Kf4 Rd6 47. Rxd6 Kxd6 48. Ra7 Rxd7 49. Ra6+ Ke7 50. Kf3 Kf8 51. Kf4 Ke7 52. Kf3 Rd6 53. Ra5 Kf6 54. Kf4 Kg6 55. Rb5 Rf6+ 56. Kg3 Re6 57. Kf3 Kf6 58. Kf4 Re7 59. Rf5+ Kg6 60. Ra5 Rc7 61. Ra6+ f6 62. Ra5 1-0

[Event "RUS Cup Qualifier 3"]
[Site "chessassistantclub.com INT"]
[Date "2004.10.21"]
[Round "?"]
[White "Timofeev, Artyom"]
[Black "Evelev, Vladimir M"]
[Result "0-1"]
[WhiteElo "2575"]
[BlackElo "2433"]
[PlyCount "138"]
[EventDate "2004.10.21"]
[EventType "swiss (blitz)"]
[EventRounds "13"]
[EventCountry "RUS"]
[SourceTitle "EXT 2006"]
[Source "ChessBase"]
[SourceDate "2005.11.24"]
[SourceVersion "1"]
[SourceVersionDate "2005.11.24"]
[SourceQuality "1"]

1. e4 e5 2. Nf3 d6 3. d4 exd4 4. Nxd4 Nf6 5. Nc3 Be7 6. Be2 0-0 7. 0-0 Re8 8. Re1 c6 9. Bf1 Nbd7 10. g3 Nc5 11. Bg2 a5 12. a4 Bf8 13. h3 Qb6 14. b3 Bd7 15. Bb2 Qc7 16. Qd2 Re7 17. Rad1 Rae8 18. f3 d5 19. exd5 Rxe1+ 20. Rxe1 Qxg3 21. Rxe8 Bxe8 22. dxc6 Bxc6 23. Nce2 Qg6 24. Nxc6 bxc6 25. Bc3 Nd5 26. Bxa5 Ne6 27. Qd3 Qh5 28. Bd2 Bc5+ 29. Kh1 Qh4 30. c4 Nf6 31. b4 Bf2 32. b5 cxb5 33. axb5 h5 34. Qd6 Qxc4 35. Ng1 Qxb5 36. Bc3 Qf5 37. Qb8+ Kh7 38. Bxf6 Qxf6 39. Qb1+ g6 40. Ne2 Ng7 41. Qc2 Nf5 42. Qe4 Qa1+ 43. Kh2 Qa7 44. f4 Qc7 45. Qe5 Qxe5 46. fxe5 Bb6 47. Nf4 Bc7 48. Nd3 f6 49. Kg1 Bxe5 50. Be4 Nd6 51. Bd5 Kg7 52. Nc5 g5 53. Ne6+ Kg6 54. Nc5 Kf5 55. Kg2 Kf4 56. Nd3+ Ke3 57. Nc5 Nf5 58. Be6 Nh4+ 59. Kh1 Kf2 60. Ne4+ Kf3 61. Nd2+ Kg3 62. Ne4+ Kf4 63. Nd2 g4 64. hxg4 hxg4 65. Nc4 f5 66. Nd2 Bc7 67. Nf1 Kf3 68. Kg1 Bb6+ 69. Kh1 Bc7 0-1

[Event "RUS Cup Qualifier 2"]
[Site "chessassistantclub.com INT"]
[Date "2004.09.30"]
[Round "?"]
[White "Evelev, Vladimir M"]
[Black "Vaulin, Alexander"]
[Result "1-0"]
[WhiteElo "2433"]
[BlackElo "2516"]
[PlyCount "77"]
[EventDate "2004.09.30"]
[EventType "swiss (blitz)"]
[EventRounds "13"]
[EventCountry "RUS"]
[SourceTitle "EXT 2006"]
[Source "ChessBase"]
[SourceDate "2005.11.24"]
[SourceVersion "1"]
[SourceVersionDate "2005.11.24"]
[SourceQuality "1"]

1. d4 d5 2. c4 e6 3. Nc3 Nf6 4. Bg5 Nbd7 5. e3 c6 6. Qc2 Qa5 7. Nf3 Ne4 8. cxd5 cxd5 9. Bd3 Bb4 10. 0-0 Bxc3 11. bxc3 f5 12. c4 0-0 13. cxd5 exd5 14. Rfc1 Nb6 15. Qc7 Be6 16. Qxb7 Rf7 17. Qc6 Bd7 18. Qc2 Bb5 19. Bxb5 Qxb5 20. Bf4 h6 21. Ne5 Rff8 22. f3 Nf6 23. Qxf5 Qe8 24. Qg6 Qxg6 25. Nxg6 Rf7 26. Ne5 Rb7 27. g4 Rf8 28. h4 Nfd7 29. Ng6 Re8 30. h5 Nc4 31. Kf2 Rb2+ 32. Kg3 Nf6 33. e4 Nb6 34. e5 Nh7 35. Rc7 Ng5 36. Bxg5 hxg5 37. Rh1 Rb4 38. h6 gxh6 39. Rxh6 1-0

[Event "RUS Cup Qualifier 2"]
[Site "chessassistantclub.com INT"]
[Date "2004.09.30"]
[Round "?"]
[White "Kurnosov, Igor"]
[Black "Evelev, Vladimir M"]
[Result "1/2-1/2"]
[WhiteElo "2527"]
[BlackElo "2433"]
[PlyCount "132"]
[EventDate "2004.09.30"]
[EventType "swiss (blitz)"]
[EventRounds "13"]
[EventCountry "RUS"]
[SourceTitle "EXT 2006"]
[Source "ChessBase"]
[SourceDate "2005.11.24"]
[SourceVersion "1"]
[SourceVersionDate "2005.11.24"]
[SourceQuality "1"]

1. e4 c5 2. Nf3 d6 3. d4 cxd4 4. Nxd4 Nf6 5. Nc3 Nc6 6. Bg5 e6 7. Qd2 Be7 8. 0-0-0 0-0 9. f4 Nxd4 10. Qxd4 Qa5 11. Bc4 Bd7 12. e5 dxe5 13. fxe5 Bc6 14. Bd2 Nd7 15. Nd5 Qd8 16. Nxe7+ Qxe7 17. Rhe1 Rfd8 18. Qg4 Nf8 19. Bd3 Rxd3 20. cxd3 Qd7 21. Bb4 Qd5 22. Kb1 Qxg2 23. Qxg2 Bxg2 24. h4 h6 25. Rg1 Bh3 26. Rg3 Bf5 27. Rdg1 g6 28. Rc1 Rd8 29. Bd6 f6 30. Rc7 fxe5 31. Bxe5 Nd7 32. Bc3 b6 33. b4 a6 34. Kb2 b5 35. a3 Nb6 36. Rg7+ Kf8 37. Rh7 Rd5 38. Rxh6 Bxd3 39. Rh8+ Ke7 40. h5 Na4+ 41. Kb3 Bc4+ 42. Kc2 Rxh5 43. Rxh5 gxh5 44. Bd4 Kd6 45. Rh3 Be2 46. Kd2 Bg4 47. Re3 e5 48. Rxe5 Nb6 49. Rg5 Nc4+ 50. Kc3 Nxa3 51. Rg6+ Kd5 52. Rxa6 Nb1+ 53. Kb2 Kxd4 54. Kxb1 Kc4 55. Kb2 Kxb4 56. Rc6 Be2 57. Re6 Bg4 58. Rf6 Kc4 59. Rf4+ Kd3 60. Kb3 Ke3 61. Rf6 h4 62. Kb4 h3 63. Rh6 Kf3 64. Kxb5 Kg3 65. Kc4 h2 66. Rxh2 Kxh2 1/2-1/2

[Event "Geller Memorial op"]
[Site "Moscow"]
[Date "2001.??.??"]
[Round "9"]
[White "Evelev, Vladimir M"]
[Black "Sestjakov, Sergei"]
[Result "0-1"]
[WhiteElo "2449"]
[BlackElo "2312"]
[PlyCount "92"]
[EventDate "2001.10.26"]
[EventType "swiss"]
[EventRounds "9"]
[EventCountry "RUS"]
[SourceTitle "EXT 2002"]
[Source "ChessBase"]
[SourceDate "2001.11.25"]
[SourceVersion "1"]
[SourceVersionDate "2001.11.25"]
[SourceQuality "1"]

1. d4 d5 2. c4 c6 3. Nf3 Nf6 4. e3 e6 5. Nbd2 c5 6. b3 cxd4 7. Nxd4 Be7 8. Bb2 0-0 9. Be2 dxc4 10. Bxc4 e5 11. N4f3 e4 12. Nd4 Qa5 13. 0-0 Qg5 14. Re1 Rd8 15. Qc2 Qg6 16. Ne2 Nc6 17. a3 Bf5 18. Ng3 Rac8 19. Bc3 a6 20. a4 Nb4 21. Qb2 h5 22. a5 h4 23. Ne2 Nfd5 24. Be5 Bh3 25. g3 Nd3 26. Bxd3 exd3 27. Nd4 f6 28. Bf4 Bb4 29. Ra4 Bc3 30. Qa2 Nxf4 31. exf4 Rxd4 32. Rc4 Rdxc4 33. bxc4 Qf7 34. Rd1 Bxd2 35. Qxd2 Qxc4 36. Qe3 Qc2 37. Qe1 Bg4 38. f3 Bxf3 39. Rd2 Qc1 40. Kf2 Qxe1+ 41. Kxe1 Be2 42. Kf2 Rc2 43. Ke3 Rxd2 44. Kxd2 Kh7 45. Ke3 Kh6 46. Kd2 Kh5 0-1

[Event "Montreal-Moscow m"]
[Site "Montreal"]
[Date "2000.08.02"]
[Round "2"]
[White "Evelev, Vladimir M"]
[Black "Goldenberg, Danny"]
[Result "1-0"]
[WhiteElo "2352"]
[BlackElo "2244"]
[PlyCount "65"]
[EventDate "2000.??.??"]
[EventType "team-tourn"]
[EventRounds "2"]
[EventCountry "CAN"]
[SourceTitle "EXT 2004"]
[Source "ChessBase"]
[SourceDate "2003.11.25"]
[SourceVersion "1"]
[SourceVersionDate "2003.11.25"]
[SourceQuality "1"]
[WhiteTeam "Moscow"]
[BlackTeam "Montreal"]
[WhiteTeamCountry "RUS"]
[BlackTeamCountry "CAN"]

1. d4 Nf6 2. c4 g6 3. Nc3 Bg7 4. e4 d6 5. Nf3 0-0 6. Be2 e5 7. 0-0 Nc6 8. d5 Ne7 9. b4 Nh5 10. Re1 Nf4 11. Bf1 a5 12. bxa5 Rxa5 13. a4 c5 14. Rb1 h6 15. Bxf4 exf4 16. e5 Nf5 17. Nb5 dxe5 18. Nxe5 Ne3 19. fxe3 Bxe5 20. exf4 Bxf4 21. d6 Bd7 22. Qf3 Bg5 23. Qxb7 Rxa4 24. Nc3 Ra3 25. Nd5 Bc8 26. Qc6 Ra6 27. Rb6 Rxb6 28. Nxb6 Bf4 29. g3 Qxd6 30. Nxc8 Qd4+ 31. Kg2 Be3 32. Ne7+ Kg7 33. Qf3 1-0

[Event "Quebec op"]
[Site "Montreal"]
[Date "2000.07.23"]
[Round "3"]
[White "Evelev, Vladimir M"]
[Black "Grigoriants, Sergey"]
[Result "1/2-1/2"]
[WhiteElo "2452"]
[BlackElo "2503"]
[PlyCount "24"]
[EventDate "2000.07.22"]
[EventType "swiss"]
[EventRounds "9"]
[EventCountry "CAN"]
[SourceTitle "EXT 2002"]
[Source "ChessBase"]
[SourceDate "2001.11.25"]
[SourceVersion "1"]
[SourceVersionDate "2001.11.25"]
[SourceQuality "1"]

1. d4 d5 2. c4 c6 3. cxd5 cxd5 4. Nc3 Nc6 5. Nf3 Nf6 6. Bf4 Bf5 7. e3 e6 8. Bd3 Bxd3 9. Qxd3 Bd6 10. Bxd6 Qxd6 11. 0-0 0-0 12. Rac1 Rac8 1/2-1/2

[Event "Quebec op"]
[Site "Montreal"]
[Date "2000.??.??"]
[Round "5"]
[White "Berezovich, Mikhail"]
[Black "Evelev, Vladimir M"]
[Result "1/2-1/2"]
[WhiteElo "2164"]
[BlackElo "2452"]
[PlyCount "45"]
[EventDate "2000.07.22"]
[EventType "swiss"]
[EventRounds "9"]
[EventCountry "CAN"]
[SourceTitle "EXT 2002"]
[Source "ChessBase"]
[SourceDate "2001.11.25"]
[SourceVersion "1"]
[SourceVersionDate "2001.11.25"]
[SourceQuality "1"]

1. e4 c5 2. Nf3 d6 3. d4 cxd4 4. Nxd4 Nf6 5. Nc3 Nc6 6. Be2 e6 7. 0-0 Be7 8. Be3 0-0 9. f4 a6 10. Kh1 Qc7 11. Qe1 Nxd4 12. Bxd4 b5 13. a3 Bb7 14. Qg3 Bc6 15. Rae1 Rae8 16. Bf3 a5 17. e5 dxe5 18. Bxe5 Qb7 19. Ne4 Bxe4 20. Bxe4 Qb6 21. f5 exf5 22. Bxf5 g6 23. Bd3 1/2-1/2

[Event "Moscow Kasparov Cup"]
[Site "Moscow"]
[Date "2000.??.??"]
[Round "3"]
[White "Evelev, Vladimir M"]
[Black "Torbin, Kirill"]
[Result "1-0"]
[WhiteElo "2352"]
[BlackElo "2286"]
[PlyCount "87"]
[EventDate "2000.??.??"]
[EventType "tourn"]
[EventRounds "11"]
[EventCountry "RUS"]
[EventCategory "4"]
[SourceTitle "EXT 2001"]
[Source "ChessBase"]
[SourceDate "2000.11.22"]
[SourceVersion "1"]
[SourceVersionDate "2000.11.22"]
[SourceQuality "1"]

1. Nf3 d5 2. g3 c6 3. Bg2 Bg4 4. d4 Nd7 5. 0-0 e6 6. Nbd2 Ngf6 7. b3 Be7 8. Bb2 0-0 9. Re1 Qc7 10. e4 dxe4 11. Nxe4 Nxe4 12. Rxe4 Nf6 13. Re1 Rad8 14. Qe2 h6 15. h3 Bf5 16. Ne5 Nd7 17. Nc4 Bf6 18. Ne3 Bh7 19. Ng4 Be7 20. c4 h5 21. Ne3 h4 22. gxh4 Nf6 23. Rad1 Bb4 24. Rf1 Qf4 25. Ng4 Ne4 26. Qe3 Qf5 27. d5 f6 28. Rd4 Nc5 29. a3 e5 30. Rdd1 Nd3 31. Rxd3 Qxd3 32. axb4 Qc2 33. Qc3 Qf5 34. Re1 Qh5 35. Qg3 Kh8 36. Kh2 cxd5 37. Bxd5 Rd7 38. f4 exf4 39. Qxf4 Rxd5 40. cxd5 Qxd5 41. Re2 Qxb3 42. h5 Bd3 43. Rf2 Qc4 44. h6 1-0

[Event "Moscow Kasparov Cup"]
[Site "Moscow"]
[Date "2000.??.??"]
[Round "2"]
[White "Kholmov, Ratmir D"]
[Black "Evelev, Vladimir M"]
[Result "1-0"]
[WhiteElo "2489"]
[BlackElo "2352"]
[PlyCount "77"]
[EventDate "2000.??.??"]
[EventType "tourn"]
[EventRounds "11"]
[EventCountry "RUS"]
[EventCategory "4"]
[SourceTitle "EXT 2001"]
[Source "ChessBase"]
[SourceDate "2000.11.22"]
[SourceVersion "1"]
[SourceVersionDate "2000.11.22"]
[SourceQuality "1"]

1. e4 c5 2. Nf3 d6 3. d4 Nf6 4. Nbd2 cxd4 5. Nxd4 e6 6. Bd3 Nbd7 7. 0-0 d5 8. exd5 Nxd5 9. Re1 Nc5 10. Bf1 Be7 11. c4 Nf4 12. N2f3 Ng6 13. b4 Na6 14. a3 0-0 15. Bb2 Bf6 16. Qc2 Nc7 17. Rad1 Bd7 18. g3 Qc8 19. Bd3 Rd8 20. h4 Nf8 21. Ng5 Bxg5 22. hxg5 f5 23. gxf6 gxf6 24. f4 Ne8 25. Kf2 Qc7 26. Rh1 Bc6 27. Bxh7+ Nxh7 28. Nxe6 Rxd1 29. Qg6+ Kh8 30. Bxf6+ Nexf6 31. Qxf6+ Kg8 32. Qg6+ Kh8 33. Nxc7 Rxh1 34. Nxa8 Rh2+ 35. Ke1 Nf8 36. Qf6+ Kg8 37. Nc7 Bf3 38. Nd5 Re2+ 39. Kf1 1-0

[Event "RUS-Cup03 Geller Memorial"]
[Site "Moscow"]
[Date "1999.02.10"]
[Round "1"]
[White "Evelev, Vladimir M"]
[Black "Tosic, Miroslav"]
[Result "0-1"]
[WhiteElo "2327"]
[BlackElo "2517"]
[PlyCount "70"]
[EventDate "1999.02.10"]
[EventType "swiss"]
[EventRounds "9"]
[EventCountry "RUS"]
[SourceTitle "CBM 070"]
[Source "ChessBase"]
[SourceDate "1999.06.08"]
[SourceVersion "1"]
[SourceVersionDate "1999.06.08"]
[SourceQuality "1"]

1. e4 c5 2. Nf3 e6 3. d4 cxd4 4. Nxd4 a6 5. Bd3 d6 6. 0-0 Nd7 7. c4 Ngf6 8. Nc3 Be7 9. Be3 0-0 10. Rc1 Re8 11. f3 Bf8 12. Qd2 b6 13. b3 Bb7 14. Kh1 Rc8 15. Rfd1 Qc7 16. Qf2 Qb8 17. Bf1 Ba8 18. Qd2 h6 19. Rc2 Be7 20. Rcc1 Nf8 21. Qf2 Ng6 22. Qd2 Bd8 23. Rc2 Bc7 24. Bg1 Red8 25. Qc1 Bb7 26. Qb2 d5 27. exd5 exd5 28. cxd5 Nxd5 29. Nf5 Be5 30. Bd4 Ne3 31. Nxe3 Bxd4 32. Ng4 Nh4 33. Rd3 h5 34. Nf2 Re8 35. Rd1 Bxc3 0-1

[Event "RUS-ch U16"]
[Site "Serpukhov"]
[Date "1999.??.??"]
[Round "2"]
[White "Erzhanov, Arman"]
[Black "Evelev, Vladimir M"]
[Result "0-1"]
[WhiteElo "2181"]
[BlackElo "2327"]
[PlyCount "116"]
[EventDate "1999.??.??"]
[EventType "swiss"]
[EventRounds "8"]
[EventCountry "RUS"]
[SourceTitle "EXT 2000"]
[Source "ChessBase"]
[SourceDate "1999.11.16"]
[SourceVersion "1"]
[SourceVersionDate "1999.11.16"]
[SourceQuality "1"]

1. g3 g6 2. Bg2 Bg7 3. e3 e5 4. Ne2 d5 5. d3 Ne7 6. 0-0 0-0 7. b3 c5 8. Bb2 Nbc6 9. Nd2 Be6 10. h3 Qd7 11. Kh2 f5 12. Rb1 d4 13. e4 Rac8 14. f4 fxe4 15. Nxe4 b6 16. fxe5 Bxe5 17. a3 Nf5 18. Bc1 Nh4 19. Ng1 Nxg2 20. Kxg2 Ne7 21. Rxf8+ Rxf8 22. Qe1 Nf5 23. g4 Nd6 24. Ng5 Bd5+ 25. N5f3 Nf7 26. Bh6 Re8 27. Qd2 Nxh6 28. Qxh6 Bc7 29. Qd2 Rf8 30. Qf2 Bf4 31. Rf1 Qc6 32. Ne2 Be3 33. Qg3 b5 34. c4 dxc3 35. Nxc3 Bxb3 36. Ne4 Bd5 37. Qe5 Bf4 38. Qe7 Bxe4 39. Qxe4 Qxe4 40. dxe4 Rd8 41. Rf2 Rd1 42. e5 Rd8 43. e6 Re8 44. Re2 Kf8 45. Re4 Bc1 46. a4 a6 47. Re5 Rc8 48. axb5 axb5 49. Ne1 b4 50. Nd3 b3 51. Nxc5 b2 52. Nd7+ Ke7 53. Rb5 Kxe6 54. Nb8 Rc3 55. Na6 Ra3 56. Nc7+ Kd6 57. Ne8+ Kc6 58. Rb8 Ra1 0-1

[Event "Moscow-ch"]
[Site "Moscow"]
[Date "1999.??.??"]
[Round "5"]
[White "Evelev, Vladimir M"]
[Black "Ivanov, Victor L"]
[Result "1-0"]
[WhiteElo "2327"]
[BlackElo "2427"]
[PlyCount "111"]
[EventDate "1999.??.??"]
[EventType "swiss"]
[EventRounds "9"]
[EventCountry "RUS"]
[SourceTitle "EXT 2001"]
[Source "ChessBase"]
[SourceDate "2000.11.22"]
[SourceVersion "1"]
[SourceVersionDate "2000.11.22"]
[SourceQuality "1"]

1. e4 c5 2. Nf3 e6 3. d4 cxd4 4. Nxd4 a6 5. Bd3 Bc5 6. Nb3 Ba7 7. Qe2 d6 8. Be3 Nf6 9. 0-0 Bxe3 10. Qxe3 Nc6 11. c4 0-0 12. Nc3 Ne5 13. Be2 Qc7 14. Qd4 Nc6 15. Qe3 Ne5 16. Qd4 b6 17. Rfd1 Rd8 18. Rd2 Bb7 19. Rad1 Rab8 20. f3 h6 21. Qe3 Ba8 22. Rd4 Qc6 23. Qd2 Ne8 24. a4 Qc7 25. Qe3 Nc6 26. R4d2 Nf6 27. Kh1 Ne5 28. Rd4 Rd7 29. Rc1 Re8 30. Qf2 Rdd8 31. Rcd1 Nc6 32. R4d2 Nb4 33. Qg3 Nh5 34. Qh4 Nf6 35. Qf4 Nh5 36. Qh4 Nf6 37. Qf4 Rf8 38. Qg3 Nc6 39. Qf2 Rfe8 40. Bf1 Qb8 41. Qg3 Ne5 42. Be2 Rd7 43. f4 Ng6 44. e5 dxe5 45. Rxd7 exf4 46. Qf2 Nxd7 47. Rxd7 e5 48. Rd1 e4 49. Nd5 Qe5 50. Qd4 Qg5 51. Bf1 Nh4 52. Nc1 f3 53. gxf3 exf3 54. Bh3 Nf5 55. Qf2 Qh5 56. Bxf5 1-0

[Event "Moscow-ch"]
[Site "Moscow"]
[Date "1999.??.??"]
[Round "1"]
[White "Kremenietsky, Anatoly M"]
[Black "Evelev, Vladimir M"]
[Result "0-1"]
[WhiteElo "2392"]
[BlackElo "2327"]
[PlyCount "70"]
[EventDate "1999.??.??"]
[EventType "swiss"]
[EventRounds "9"]
[EventCountry "RUS"]
[SourceTitle "EXT 2001"]
[Source "ChessBase"]
[SourceDate "2000.11.22"]
[SourceVersion "1"]
[SourceVersionDate "2000.11.22"]
[SourceQuality "1"]

1. d4 Nf6 2. Nf3 g6 3. g3 Bg7 4. Bg2 0-0 5. 0-0 d6 6. c4 c5 7. Nc3 Nc6 8. dxc5 dxc5 9. Qc2 Nd4 10. Nxd4 cxd4 11. Rd1 Bf5 12. Qa4 Bd7 13. Nb5 a6 14. Bxb7 Ra7 15. Bg2 Qb6 16. Qb4 axb5 17. c5 Qe6 18. Qxd4 Ng4 19. Qd2 Rc8 20. h3 Ne5 21. Qe3 Bc6 22. Bxc6 Qxc6 23. a3 Rd7 24. Rxd7 Qxd7 25. Kh2 Nc4 26. Qf3 Rxc5 27. Rb1 h5 28. Bf4 e5 29. Bg5 e4 30. Qf4 Rf5 31. Qb8+ Kh7 32. Bf4 g5 33. Be3 Nxe3 34. fxe3 Qd2 35. Rg1 h4 0-1

[Event "RUS-ch U16"]
[Site "Serpukhov"]
[Date "1999.??.??"]
[Round "8"]
[White "Martynov, Dmitrij"]
[Black "Evelev, Vladimir M"]
[Result "0-1"]
[WhiteElo "2276"]
[BlackElo "2327"]
[PlyCount "92"]
[EventDate "1999.??.??"]
[EventType "swiss"]
[EventRounds "8"]
[EventCountry "RUS"]
[SourceTitle "EXT 2000"]
[Source "ChessBase"]
[SourceDate "1999.11.16"]
[SourceVersion "1"]
[SourceVersionDate "1999.11.16"]
[SourceQuality "1"]

1. e4 c5 2. Nf3 d6 3. Bb5+ Bd7 4. Bxd7+ Qxd7 5. c4 Nf6 6. Nc3 Nc6 7. d4 cxd4 8. Nxd4 Qg4 9. 0-0 Qxd1 10. Rxd1 Nxd4 11. Rxd4 Nd7 12. Nb5 Kd8 13. Bg5 Kc8 14. Rad1 h6 15. Be3 g5 16. R4d2 a6 17. Nc3 b6 18. Nd5 Kb7 19. Rd3 Rc8 20. b3 Rg8 21. Bd4 Rg6 22. Rf3 f6 23. Rc1 Rg7 24. b4 Rf7 25. a4 e6 26. Nxf6 Nxf6 27. Rxf6 Rxf6 28. Bxf6 b5 29. axb5 axb5 30. c5 dxc5 31. bxc5 Bxc5 32. Kf1 Kb6 33. Ke2 Ra8 34. Rc2 b4 35. Kd3 Kb5 36. h4 Ra3+ 37. Ke2 g4 38. h5 g3 39. f3 Bf2 40. Kd2 b3 41. Rb2 Kc4 42. f4 Bd4 43. Bxd4 Kxd4 44. f5 exf5 45. exf5 Ra2 46. Kc1 Kc3 0-1

[Event "Chigorin Memorial 06th"]
[Site "St Petersburg"]
[Date "1998.11.09"]
[Round "9"]
[White "Evelev, Vladimir M"]
[Black "Kuzuev, Danil"]
[Result "1/2-1/2"]
[WhiteElo "2280"]
[BlackElo "2350"]
[PlyCount "116"]
[EventDate "1998.10.31"]
[EventType "swiss"]
[EventRounds "9"]
[EventCountry "RUS"]
[SourceTitle "CBM 067 Extra"]
[Source "ChessBase"]
[SourceDate "1999.01.01"]
[SourceVersion "1"]
[SourceVersionDate "1999.01.01"]
[SourceQuality "1"]

1. e4 c5 2. Nf3 e6 3. d4 cxd4 4. Nxd4 a6 5. Bd3 Nf6 6. 0-0 Qc7 7. Re1 d6 8. c4 Nbd7 9. Nc3 Ne5 10. Bf1 Bd7 11. b3 Be7 12. Qd2 0-0 13. a4 Rfd8 14. Ba3 Rac8 15. g3 Bf8 16. Bg2 Ng6 17. Red1 Be8 18. Ra2 Qb6 19. Qb2 h5 20. Raa1 h4 21. Rab1 Ne5 22. Qe2 hxg3 23. hxg3 Nfd7 24. Bc1 Be7 25. Be3 Qc7 26. Bh3 Nf8 27. Rdc1 Bf6 28. f4 Nc6 29. Nxc6 Bxc6 30. Nd5 Bxd5 31. cxd5 Qe7 32. Qd3 Re8 33. dxe6 Nxe6 34. b4 g6 35. Bg2 Ng7 36. Bf2 Qe6 37. Rd1 Red8 38. Rd2 Rc3 39. Qd5 Qxd5 40. Rxd5 Nh5 41. Kh2 Ra3 42. a5 Rc8 43. Rbd1 Be7 44. R5d3 Ra4 45. Be1 Rc2 46. Kh3 Ng7 47. Rc3 Rxc3 48. Bxc3 Ne6 49. Ra1 Rxa1 50. Bxa1 Nd8 51. Bc3 Nc6 52. e5 dxe5 53. b5 axb5 54. a6 bxa6 55. Bxc6 exf4 56. gxf4 b4 57. Bd4 f5 58. Kg3 g5 1/2-1/2

[Event "Chigorin Memorial 06th"]
[Site "St Petersburg"]
[Date "1998.11.07"]
[Round "7"]
[White "Evelev, Vladimir M"]
[Black "Uchitel, Stas"]
[Result "1-0"]
[WhiteElo "2280"]
[BlackElo "2100"]
[PlyCount "61"]
[EventDate "1998.10.31"]
[EventType "swiss"]
[EventRounds "9"]
[EventCountry "RUS"]
[SourceTitle "CBM 067 Extra"]
[Source "ChessBase"]
[SourceDate "1999.01.01"]
[SourceVersion "1"]
[SourceVersionDate "1999.01.01"]
[SourceQuality "1"]

1. e4 g6 2. d4 Bg7 3. c4 d6 4. Nc3 Nf6 5. Nf3 0-0 6. Be2 e5 7. 0-0 Nc6 8. d5 Ne7 9. Ne1 c5 10. Rb1 Ne8 11. b4 b6 12. bxc5 dxc5 13. a4 Nd6 14. a5 Bd7 15. Be3 h6 16. Qb3 Nec8 17. Ra1 Qc7 18. Nd3 Ne7 19. Rfb1 Rab8 20. axb6 axb6 21. Ra6 b5 22. Bxc5 bxc4 23. Bxd6 Rxb3 24. Bxc7 Rxb1+ 25. Nxb1 cxd3 26. Bxd3 g5 27. Nd2 Ng6 28. g3 Rc8 29. Ra7 Bf8 30. d6 Bc6 31. Nc4 1-0

[Event "Chigorin Memorial 06th"]
[Site "St Petersburg"]
[Date "1998.11.03"]
[Round "4"]
[White "Sambuev, Bator"]
[Black "Evelev, Vladimir M"]
[Result "1-0"]
[WhiteElo "2340"]
[BlackElo "2280"]
[PlyCount "123"]
[EventDate "1998.10.31"]
[EventType "swiss"]
[EventRounds "9"]
[EventCountry "RUS"]
[SourceTitle "CBM 067 Extra"]
[Source "ChessBase"]
[SourceDate "1999.01.01"]
[SourceVersion "1"]
[SourceVersionDate "1999.01.01"]
[SourceQuality "1"]

1. Nf3 Nf6 2. c4 g6 3. Nc3 Bg7 4. e4 0-0 5. d4 d6 6. Be2 e5 7. 0-0 Nc6 8. d5 Ne7 9. Ne1 Nd7 10. Be3 f5 11. f3 f4 12. Bf2 g5 13. Rc1 Ng6 14. c5 Nxc5 15. b4 Na6 16. Nd3 Bd7 17. a4 Nb8 18. Nb5 Bxb5 19. axb5 Ne7 20. Nb2 Kh8 21. Nc4 b6 22. Rc3 Nd7 23. Qc2 Nf6 24. Nd2 Ne8 25. Ra1 Nc8 26. Bf1 Qf6 27. Rca3 Rb8 28. Qc6 Qd8 29. g3 Bf6 30. Bh3 Rf7 31. Be6 Rg7 32. g4 Ne7 33. Qc4 Nc8 34. Bxc8 Rxc8 35. Rxa7 Rg8 36. Qc6 Rf8 37. Nc4 Ng7 38. Nxb6 cxb6 39. Bxb6 Qe8 40. Bc7 Bd8 41. b6 Qxc6 42. dxc6 Bxc7 43. Rxc7 Rxc7 44. bxc7 Ne6 45. b5 Nxc7 46. b6 Rc8 47. Ra7 Nb5 48. b7 Nxa7 49. c7 Re8 50. b8Q Nc8 51. Qb5 Re7 52. Qc6 Kg7 53. h4 h6 54. h5 Kf7 55. Kf2 Ke6 56. Ke2 Rd7 57. Qc4+ Ke7 58. Kd3 Kf6 59. Qg8 Rxc7 60. Qd8+ Re7 61. Qxc8 Kf7 62. Qf5+ 1-0

[Event "RUS-Cup02"]
[Site "Moscow"]
[Date "1998.??.??"]
[Round "5"]
[White "Dorofeeva, Anna"]
[Black "Evelev, Vladimir M"]
[Result "1/2-1/2"]
[WhiteElo "2345"]
[BlackElo "2220"]
[PlyCount "84"]
[EventDate "1998.01.21"]
[EventType "swiss"]
[EventRounds "9"]
[EventCountry "RUS"]
[SourceTitle "EXT 1999"]
[Source "ChessBase"]
[SourceDate "1998.11.16"]
[SourceVersion "1"]
[SourceVersionDate "1998.11.16"]
[SourceQuality "1"]

1. e4 c5 2. d3 Nc6 3. g3 g6 4. Bg2 Bg7 5. f4 d6 6. Nf3 e6 7. 0-0 Nge7 8. c3 0-0 9. Be3 b6 10. Na3 Ba6 11. Nc2 Qd7 12. Qd2 Rab8 13. Rfe1 b5 14. a3 Na5 15. Rad1 Nb3 16. Qf2 Bb7 17. g4 f5 18. gxf5 exf5 19. e5 Nd5 20. d4 c4 21. Qh4 a5 22. Bf2 Rfe8 23. Ne3 Nxe3 24. Rxe3 dxe5 25. Nxe5 Bxe5 26. fxe5 Bxg2 27. Kxg2 Qd5+ 28. Kg1 Nc5 29. Rde1 Nd3 30. R1e2 Re6 31. Rd2 Rbe8 32. Qg5 Nc5 33. Qg2 Rd8 34. Qxd5 Rxd5 35. Ree2 Na4 36. Rd1 Kf7 37. Be1 Nb6 38. Rb1 a4 39. Kf2 Rd7 40. Bd2 Nd5 41. Rg1 Kg7 42. Kf3 Nc7 1/2-1/2

[Event "RUS-ch U18"]
[Site "Kolontaevo"]
[Date "1998.??.??"]
[Round "?"]
[White "Evelev, Vladimir M"]
[Black "Belov, Alexei"]
[Result "1/2-1/2"]
[WhiteElo "2220"]
[BlackElo "2320"]
[PlyCount "63"]
[EventDate "1998.??.??"]
[EventType "swiss"]
[EventRounds "9"]
[EventCountry "RUS"]
[SourceTitle "EXT 2000"]
[Source "ChessBase"]
[SourceDate "1999.11.16"]
[SourceVersion "1"]
[SourceVersionDate "1999.11.16"]
[SourceQuality "1"]

1. e4 e6 2. d4 d5 3. Nd2 Nf6 4. e5 Nfd7 5. Bd3 c5 6. c3 Nc6 7. Ne2 cxd4 8. cxd4 f6 9. exf6 Nxf6 10. 0-0 Bd6 11. Nf3 Qc7 12. Nc3 a6 13. Bg5 0-0 14. Bh4 Nh5 15. Re1 g6 16. Bg5 Qg7 17. Be3 Bd7 18. Bf1 Rae8 19. g3 Qf6 20. Bg2 Ng7 21. Bh6 Qf5 22. h3 Qf6 23. Rc1 Qd8 24. Na4 Rf7 25. Nc5 Bc8 26. g4 Qb6 27. Na4 Qd8 28. Nc5 Qb6 29. Na4 Qa7 30. Be3 Qb8 31. a3 Ref8 32. Nc5 1/2-1/2